000 00674nam a22001697a 4500
999 _c56976
_d56976
003 Ge_BSU
005 20190916144534.0
008 190916s2018 ge ||||| |||| 00| 0 geo d
041 _ageo
080 _a37.035 ს-23
245 _aსამოქალაქო განათლება მდგრადობისათვის = CIVIC EDUCATION FOR SUSTAINABILITY /
_cრედ : გვანცა ბურდული.
264 _aთბილისი,
_c2018.
300 _a184 გვ .:
_c29 სმ.
653 _aგანათლება
700 _aბურდული, გვანცა
_eრედაქტორი
_92413
942 _2udc
_cBK